Normal view
MARC view
Entry Personal Name
001 - CONTROL NUMBER
- control field: 47867
003 - CONTROL NUMBER IDENTIFIER
- control field: ARRUPE
005 - DATE AND TIME OF LATEST TRANSACTION
- control field: 20190820105847.0
008 - FIXED-LENGTH DATA ELEMENTS
- fixed length control field: 190820|| aca||aabn | a|a d
040 ## - CATALOGING SOURCE
- Original cataloging agency: ARRUPE
- Transcribing agency: ARRUPE
100 ## - HEADING--PERSONAL NAME
- Personal name: Schilling, S. Paul
- Fuller form of name: (Sylvester Paul),
- Dates associated with a name: 1904-1994.
670 ## - SOURCE DATA FOUND
- Source citation: Work cat.: (ARRUPE)0: Schilling, S. Paul (Sylvester Paul), 1904-1994., God incognito, [1974]